Statistics for The 100 Greatest Operas

Click here to take the quiz!

General Stats

  • This quiz has been taken 146 times
    (51 since last reset)
  • The average score is 29 of 100

Answer Stats

YearComposerAriaOpera% Correct
1875Georges BizetL'amour est un oiseau rebelleCarmen
76%
1786Wolfgang Amadeus MozartVoi che sapete cosa è amorThe Marriage of Figaro
74%
1876Richard Wagner
Die Walküre
The Ring of the Nibelung
74%
1904Giacomo PucciniUn bel dìMadame Butterfly
71%
1791Wolfgang Amadeus Mozart
O Isis und Osiris
The Magic Flute
71%
1871Giuseppe Verdi
O patria mia
Aida
68%
1896Giacomo PucciniQuesto mar rossoLa Bohème
68%
1816Gioachino RossiniUna voce poco faThe Barber of Seville
68%
1853Giuseppe VerdiLibiamo ne' lieti caliciThe Fallen Woman
68%
1865Richard Wagner
Liebestod
Tristan and Isolde
68%
1926Giacomo PucciniNessun dormaTurandot
65%
1805Ludwig Van BeethovenLeonore No. 2Fidelio
59%
1900Giacomo PucciniVissi d'arteTosca
59%
1787Wolfgang Amadeus MozartL'ho perdutaDon Giovanni
56%
1935George GershwinSummertimePorgy and Bess
56%
1851Giuseppe VerdiLa donna è mobileRigoletto
56%
1850Richard WagnerBridal ChorusLohengrin
53%
1887Giuseppe VerdiNiun mi termaOtello
50%
1843Richard WagnerSanta's BalladThe Flying Dutchman
47%
1882Richard WagnerKarfreitagszauberParsifal
44%
1905Richard StraussTanz der sieben SchleierSalome
44%
1845Richard WagnerO Fürstin!Tannhäuser
44%
1859Charles GounodO merveille! ... A moi les plaisirsFaust
41%
1892Rugierro LeoncavalloVesti la giubbaPagliacci
41%
1868Richard WagnerWalter's Prize SongThe Master-Singers
41%
1890Pietro MascagniO Lola c'hai di latti la cammisaCavalleria Rusticana
38%
1879Pyotr Ilyich TchaikovskyChorus of MaidensEugene Onegin
38%
1835Gaetano DonizettiOrrida è questa notteLucia of Lammermoor
38%
1945Benjamin BrittenNow the Great Bear and PleiadesPeter Grimes
38%
1853Giuseppe Verdi
Di quella pira
The Troubadour
38%
1831Vincenzo BelliniCasta DivaNorma
35%
1867Charles GounodPoison AriaRomeo and Juliet
35%
1874Modest MussorgskyGlory! Glory! Glory!Boris Godunov
32%
1909Richard StraussVater AgamemnonElektra
32%
1893Engelbert HumperdinkMother's EntranceHansel and Gretel
32%
1607Claudio MonteverdiToccataL'Orfeo
32%
1847Giuseppe VerdiSi colmi il caliceMacbeth
32%
1829Gioachino RossiniSombre forêtWilliam Tell
32%
1867Giuseppe VerdiLe ballet de la reineDon Carlos
29%
1893Giuseppe VerdiQuand'ero paggioFalstaff
29%
1911Richard StraussDie Zeit ist ein sonderbar DingThe Knight of the Rose
29%
1689Henry PurcellStay, Prince and hearDido and Aeneas
26%
1883Leo DelibesThe Flower DuetLakmé
26%
1643Claudio MonteverdiDisprezzata ReginaThe Coronation of Poppaea
26%
1821Carl Maria von WeberSchaut, o schautThe Marksman
26%
1863Georges BizetAu fond du temple saintThe Pearl Fishers
26%
1890Pyotr Ilyich TchaikovskyYa vas lyublyuThe Queen of Spades
26%
1928Kurt WeillA Walk to the GallowsThe Threepenny Opera
26%
1960Benjamin BrittenOver hill, over daleA Midsummer Night's Dream
24%
1724Georg Friedrich HandelVa tacito e nascostoJulius Caesar
24%
1884Jules MassenetEn fermant les yeuxManon
24%
1762Christoph Willibald GluckChiamo il mio ben cosìOrpheus and Eurydice
24%
1924Leos JanacekThe Forester's AriaThe Cunning Little Vixen
24%
1832Gaetano DonizettiUna furtiva lagrimaThe Elixir of Love
24%
1862Giuseppe VerdiOh, tu che in senoThe Power of Fate
24%
1881Jacques OffenbachJour et NuitThe Tales of Hoffman
24%
1912Richard StraussGroßmächtige PrinzessinAriadne on Naxos
21%
1918Giacomo PucciniSpogliati, bambolinoGianni Schicchi
21%
1781Wolfgang Amadeus MozartZeffiretti lusinghieriIdomeneo
21%
1782Wolfgang Amadeus MozartO, wie will ich triumphierenIl Seraglio
21%
1866Bedrich SmetanaDance of the ComediansThe Bartered Bride
21%
1859Giuseppe VerdiÈ scherzo od è folliaA Masked Ball
18%
1951Benjamin BrittenThe Battle of SalamisBilly Budd
18%
1817Gioachino RossiniMiei rampolli femmininiCinderella
18%
1957Francis PoulencSalve ReginaDialogues of the Carmelites
18%
1904Leos JanacekIn a momentJenůfa
18%
1893Giacomo PucciniDonna non vidi maiManon Lescaut
18%
1902Claude DebussyMes longs cheveuxPelléas and Mélisande
18%
1840Gaetano DonizettiDepuis l'instant où, dans mes brasThe Daughter of the Regiment
18%
1909Nikolai Rimsky-KorsakovHymn to the SunThe Golden Cockerel
18%
1954Benjamin BrittenMaloThe Turn of the Screw
18%
1976Philip GlassI Feel the Earth MoveEinstein on the Beach
15%
1876Amilcare PonichielliDanza delle oreLa Gioconda
15%
1835Vincenzo BelliniVieni fra queste bracciaThe Puritans
15%
1951Igor StravinskyShadow's DepartureThe Rake's Progress
15%
1892Jules MassenetPourquoi me réveiller?Werther
15%
1925Alban BergMarie's RoomWozzeck
15%
1896Umberto Giordano
La mamma morta
Andre Chénier
12%
1843Gaetano DonizettiSo anch'io la virtù magicaDon Pasquale
12%
1900Gustave CharpentierDepuis le jourLouise
12%
1877Camille Saint-SaënsMon cœur s'ouvre à ta voixSamson and Delilah
12%
1857Giuseppe VerdiFiglia! a tal nome io palpitoSimon Boccanegra
12%
1836Giacomo MeyerbeerO beau paysThe Huguenots
12%
1733Giovanni PergolesiQuest'è per me disgraziaThe Maid Turned Mistress
12%
1849Giacomo MeyerbeerÔ, Prêtres de BaalThe Prophet
12%
1886Modest MussorgskyDosifey's AriaKhovanshchina
9%
1925Maurice RavelÇa m'est égal!The Child and the Spells
9%
1790Wolfgang Amadeus MozartSoave sia il ventoThe School for Lovers
9%
1831Vincenzo BelliniAmina's Final AriaThe Sleepwalker
9%
1863Hector BerliozAdieu, fière citéThe Trojans
9%
1767Christoph Willibald GluckDivinites du StyxAlceste
6%
1925Ferruccio BusoniGibt es keine Gnade?Doktor Faust
6%
1918Bela BartokPrologue of the BardDuke Bluebeard's Castle
6%
1844Giuseppe Verdi
Ah, morir potessi adesso
Ernani
6%
1921Leos JanacekZázrakKáťa Kabanová
6%
1957Arnold SchoenbergDas Goldene Kalb und der AltarMoses and Aaron
6%
1823Gioachino RossiniBella imago degli deiSemiramide
6%
1865Giacomo MeyerbeerO Paradis, sorti de l'ondesThe African Woman
6%
1737Jean-Philippe RameauTristes apprêtsCastor and Pollux
3%
1779Christoph Willibald GluckDieux qui me poursuivezIphigenia in Tauris
3%

Score Distribution

Percentile by Number Answered

Percent of People with Each Score

Your Score History

You have not taken this quiz since the last reset